1158 1654 1309 1556 1014 1801 1254 1177 1358 1514 1879 1759 1111 1034 1346 1919 1933 1853 1201 1413 1879 1887 1272 1217 1199 1752 1805 1009 1505 1948 1593 1355 1437 1767 1616 1854 1394 1627 1804 1297 1576 1080 1560 1297 1133 1915 1109 1251 1477 1185 1199 1588 1779 1260 1058 1584 1605 1015 1754 1229 1556 1613 1414 1212 1883 1985 1436 1676 1787 1797 1492 1480 1045 1262 1807 1685 1636 1027 1162 1942 1637 1127 1499 1287 1739 1131 1464 1327 1106 1307 1080 1276 1291 1766 1544 1499 1634 1252 1429 BCNSPRNW ULIB Ver.6.0+V

เปลี่ยนเป็นภาษาไทย

Change to English
 แสดงรายละเอียดบรรณานุกรม
  กลับหน้าหลัก

Brief Record : Get Marc (ISO 2709) : E-mail record : QR code < ปิดหน้าต่าง
สารบัญ Review โดย ไม่พบชื่อเจ้าหน้าที่ห้องสมุด tot เมื่อ16/กุมภาพันธ์/2558
บทที่ 1 การแท้ง
บทที่ 2 ภาวะตกเลือดก่อนคลอด
บทที่ 3 ภาวะตกเลือดหลังคลอด
บทที่ 4 ภาวะทารกเครียดในครรภ์
บทที่ 5 ภาวะติดไหล่
บทที่ 6 การคลอดทารกท่าก้นทางช่องคลอด
บทที่ 7 ภาวะสายสะดือโผล่ย้อย
บทที่ 8 ครรภ์เป็นพิษและภาวะชัก
บทที่ 9 ภาวะน้ำคร่ำอุดตันในกระแสเลือด
บทที่ 10 การตั้งครรภ์นอกมดลูก
บทที่ 11 การบิดขั้วของปีกมดลูก
บทที่ 12 ก้อนเลือดคั่งบริเวณปากช่องคลอดและช่องคลอด
บทที่ 13 โรคอุ้งเชิงกรานอักเสบเฉียบพลัน
บทที่ 14 ภาวะเลือดออกผิดปกติจากโพรงมดลูก
บทที่ 15 ภาวะฉุกเฉินทางมะเร็งนรีเวช
บทที่ 16 มะเร็งนรีเวชสำหรับแพทย์ทั่วไป
บทที่ 17 การคุมกำเนิดฉุกเฉิน
บทที่ 18 การดูแลรักษาผู้ถูกล่วงละเมิดทางเพศ

LEADER : 00000nam 2200000uu 4500
001    13399124268
003     ULIB
008    150216s2557th 000 0 tha d
020    ^a9789746729031
060 04 ^aWQ240^bฟ743ภ
100 0  ^aเฟื่องลดา ทองประเสริฐ,บรรณาธิการ
245 00 ^aภาวะฉุกเฉินทางสูตินรีเวชกรรม =^bObstetric & Gynecologic Emergencies /^cเฟื่องลดา ทองประเสริฐ,บรรณาธิการ
250    ^aพิมพ์ครั้งที่ 2 (ฉบับเรียบเรียงครั้งที่ 2)
260    ^aเชียงใหม่ :^bคณะแพทยศาสตร์ มหาวิทยาลัยเชียงใหม่,^c2557
300    ^a188 หน้า :^bภาพประกอบ ; ตาราง ;^c21 ซม.
650  7 ^aภาวะฉุกเฉินทางสูตินรีเวชกรรม
650  7 ^aสูติศาสตร์
650  7 ^aการตั้งครรภ์
945    ^p150^l0^i039198
945    ^p150^l0^i039199
945    ^p150^l0^i039200
945    ^p150^l0^i039201
945    ^p150^l0^i039395
945    ^p150^l0^i039396
945    ^p150^l0^i039397
999    ^aทศพร
รายการนี้ยังไม่มีแท็ก
คุณยังไม่ได้ล็อกอิน คุณสามารถมีกิจกรรมร่วมกับเว็บไซต์ได้ แต่ต้องล็อกอินก่อน ::
  ล็อกอิน

รายการสื่อสารสนเทศ

ลำดับที่ ประเภท เลขเรียก/บาร์โค้ด สถานที่ สถานะ
1. วิทยาศาสตร์การแพทย์ และสุขภาพ
วิทยาศาสตร์การแพทย์ และสุขภาพ
สถานะ=หนังสือเก่า
WQ240 ฟ743ภ ฉ.1 
  Barcode: 039198
ห้องสมุดวิทยาเขตสวรรค์ประชารักษ์
►ส่วนจัดเก็บหนังสือเก่า สปร
บนชั้น
  ขอยืม
2. วิทยาศาสตร์การแพทย์ และสุขภาพ
วิทยาศาสตร์การแพทย์ และสุขภาพ
สถานะ=หนังสือเก่า
WQ240 ฟ743ภ ฉ.2 
  Barcode: 039199
ห้องสมุดวิทยาเขตสวรรค์ประชารักษ์
►ส่วนจัดเก็บหนังสือเก่า สปร
บนชั้น
  ขอยืม
3. วิทยาศาสตร์การแพทย์ และสุขภาพ
วิทยาศาสตร์การแพทย์ และสุขภาพ
WQ240 ฟ743ภ ฉ.3 
  Barcode: 039200
ห้องสมุดวิทยาเขตสวรรค์ประชารักษ์
►ส่วนจัดเก็บหนังสือเก่า สปร
บนชั้น
  ขอยืม
4. วิทยาศาสตร์การแพทย์ และสุขภาพ
วิทยาศาสตร์การแพทย์ และสุขภาพ
สถานะ=หนังสือเก่า
WQ240 ฟ743ภ ฉ.4 
  Barcode: 039201
ห้องสมุดวิทยาเขตสวรรค์ประชารักษ์
►ส่วนจัดเก็บหนังสือเก่า สปร
บนชั้น
  ขอยืม
5. วิทยาศาสตร์การแพทย์ และสุขภาพ
วิทยาศาสตร์การแพทย์ และสุขภาพ
สถานะ=หนังสือเก่า
WQ240 ฟ743ภ ฉ.5 
  Barcode: 039395
ห้องสมุดวิทยาเขตสวรรค์ประชารักษ์
►ส่วนจัดเก็บหนังสือเก่า สปร
บนชั้น
  ขอยืม
6. วิทยาศาสตร์การแพทย์ และสุขภาพ
วิทยาศาสตร์การแพทย์ และสุขภาพ
สถานะ=หนังสือเก่า
WQ240 ฟ743ภ ฉ.6 
  Barcode: 039396
ห้องสมุดวิทยาเขตสวรรค์ประชารักษ์
►ส่วนจัดเก็บหนังสือเก่า สปร
บนชั้น
  ขอยืม
7. วิทยาศาสตร์การแพทย์ และสุขภาพ
วิทยาศาสตร์การแพทย์ และสุขภาพ
สถานะ=หนังสือเก่า
WQ240 ฟ743ภ ฉ.7 
  Barcode: 039397
ห้องสมุดวิทยาเขตสวรรค์ประชารักษ์
►ส่วนจัดเก็บหนังสือเก่า สปร
บนชั้น
  ขอยืม

รายการใกล้เคียง
    ผู้แต่ง [เฟื่องลดา ทองประเสริฐ,บรรณาธิการ]

    หัวเรื่อง [ภาวะฉุกเฉินทางสูตินรีเวชกรรม]
    หัวเรื่อง [สูติศาสตร์]
    หัวเรื่อง [การตั้งครรภ์]

BibComment


ยังไม่เคยถูกคอมเมนท์

คอมเมนท์ทรัพยากรรายการนี้
  คอมเมนท์: ภาวะฉุกเฉินทางสู..


 Copyright 2026. Bcnsprnw @Library